000
00284nam a2200121Ia 4500
008
190216s9999||||xx |||||||||||||| ||und||
100
_a
Pillai G R
245
0
_a
Sahakrana Asuthranam
260
_b
Kerala Bhasha Institute
_c
1976
300
_a
310p
650
_a
Economics
942
_c
BK
999
_c
38167
_d
38167